000 00443nam a2200169Ia 4500
003 LK-CoDNM
005 20240730150125.0
008 010623t1959 xxu||||| |||| 00| 1 eng d
040 _aLK-CoDNM
_dLK-CoDNM
_eLK-CoDNM
041 _aeng
080 _a8
_bJJ37
100 _aFox,Cyril.
245 _aLife and Death in the Bronze age
260 _bRoutledge and Kegan Paul
_aLondon
_c1959
300 _bxxvii, 193p. : ill ; 25 cm
942 _cBK
999 _c104907
_d104907